000 00317nam a22001457a 4500
008 221213b ||||| |||| 00| 0 eng d
020 _a9784435000
041 _aeng
080 _a61
082 _a61NOV
100 _a4
101 _aMJEKS
245 _aPUBLIC HEALTH ADMINISTRATION
_cNOVICK F L
942 _2udc
_cBK
999 _c59177
_d59177